| 000 | 00783nam a2200229 a 4500 | ||
|---|---|---|---|
| 005 | 20250115063755.0 | ||
| 008 | 111107s1996 es r 000 0 spa d | ||
| 020 | _a8472781496 | ||
| 035 | _aUPN01000182430 | ||
| 049 | _aI | ||
| 050 | 4 |
_aLB1067.5 _bY8.3 |
|
| 100 | 1 |
_aYuste Hernanz, Carlos _929510 |
|
| 245 | 1 | 0 |
_aAtención selectiva. Percepción viso-espacial : _biniciación 1.4 / _cCarlos Yuste Hernanz, Narciso García Nieto ; il. Javier Aznar Serrano. |
| 260 |
_aMadrid : _bICCE, _c1996. |
||
| 300 |
_a111 p. : _bil. col. |
||
| 440 | 0 | _aRefuerzo y desarrollo de habilidades mentales básicas | |
| 650 | 4 | _aAPRENDIZAJE VISUAL | |
| 650 | 2 |
_aPercepción visual _9631 |
|
| 650 | 4 |
_aPERCEPCION ESPACIAL _98166 |
|
| 700 | 1 |
_aGarcía Nieto, Narciso, _dcoaut. |
|
| 905 | _aInfantil | ||
| 999 |
_c154533 _d154533 |
||